| 000 | 00579nam a22001697a 4500 | ||
|---|---|---|---|
| 003 | NUST | ||
| 038 | _aNusrat Nadeem | ||
| 082 | _a200 | ||
| 100 |
_aKhatibi, Wafaa _9125682 |
||
| 245 |
_aHousehold Consumption of Durable Goods: A Two-Stage Budgeting Framework at Different Levels of Inflation in Pakistan/ _cWafaa Khatibi, |
||
| 264 |
_aIslamabad; _bS3H NUST; _c2024. |
||
| 300 |
_a80,p; _bill; _c30,cm. |
||
| 650 |
_aMS- Economics _9123068 |
||
| 700 |
_aSupervisor: Dr. Verda Salman _9120096 |
||
| 856 | _uhttp://10.250.8.41:8080/xmlui/handle/123456789/46343 | ||
| 942 |
_2ddc _cSC |
||
| 999 |
_c611400 _d611400 |
||